Sports - General Knowledge - Level 2 - Statistics

General Stats
  • This quiz has been taken 59 times
  • The average score is 6 of 15
Answer Stats
Hint Answer % Correct
city home to the nfl team called the cowboys dallas
96%
US swimming legend with record gold medals phelps
94%
major rivals of barcelona real madrid
82%
city home to arsenal, chelsea, fulham, crystal palace, west ham etc. london
78%
city that hosted the 2004 olympics athens
43%
My dad played and coached west ham, i too played the hammers before chelsea where i starred lampard
41%
there are 4 of them on a soccer pitch they are formed from a 2 metre piece of conduit usually and you kick the ball in from them corner flag
37%
sporting capital of australia melbourne
35%
term used for rugby's version of a throw in lineout
33%
australia's iconic 1930's batsmen bradman
22%
player whom called out racist magpies fan goodes
8%
australia's iconic winter olympic gold medallist on the ice rink bradbury
6%
nrl team formerly known as balmain tigers
4%
award given to the best aussie cricketer of the year, the _____ medal allan border
2%
when some scores under the posts in NRL it is known as scoring under the ______ black dot
0%
No matching quizzes found
Score Distribution
Percent of People with Each Score
Percentile by Number Answered
Your Score History
You have not taken this quiz